Neplatíte dane? Kedy hrozí neplatičom daňová exekúcia predajom nehnuteľnosti a aké to má následky

Základné podmienky pre uplatnenie daňovej exekúcie predajom nehnuteľnosti a jej priebeh. Pojmové vymedzenie nehnuteľnej veci. Exekučná výzva a jej obsah. Následky daňového exekučného príkazu. Určovanie ceny nehnuteľnosti a jej dopad na dlžníka. Priebeh dražby a je účastníci. Dražobná zábezpeka. Dôvo...

Descrizione completa

Salvato in:
Dettagli Bibliografici
Natura: Capitolo di libro
Lingua:slovacco
Soggetti:
Tags: Aggiungi Tag
Nessun Tag, puoi essere il primo ad aggiungerne!!

MARC

LEADER 00000naa a2200000 4500
001 r047332
005 20230919120945.2
041 0 |a slo 
044 |a SK 
245 1 0 |a Neplatíte dane? Kedy hrozí neplatičom daňová exekúcia predajom nehnuteľnosti a aké to má následky 
520 |a Základné podmienky pre uplatnenie daňovej exekúcie predajom nehnuteľnosti a jej priebeh. Pojmové vymedzenie nehnuteľnej veci. Exekučná výzva a jej obsah. Následky daňového exekučného príkazu. Určovanie ceny nehnuteľnosti a jej dopad na dlžníka. Priebeh dražby a je účastníci. Dražobná zábezpeka. Dôvody nariadenia opakovanej dražby. 
610 2 0 |a exekúcia daňová 
610 2 0 |a nehnuteľnosti 
610 2 0 |a konanie exekučné daňové 
610 2 0 |a dlžníci 
610 2 0 |a úrady daňové 
610 2 0 |a úrady finančné